000 01102nam a22002295i 4500
001 151637
003 ES-MaACL
005 20250930063130.0
008 990426s1875 fr |||| | fre d
040 _aCCPB | B
_bspa
_cCCPB | B
080 _a821.14'04'-14"11"
100 1 _aPhilippus Solitarius,
_ds. XI
_9146114
245 1 4 _aLes pleurs de Philippe
_b: poéme en vers politiques de Philippe le Solitaire /
_cpublié dans le texte pour la première fois, d'après six manuscrits de la Bibliothèque Nationale, par l'abbé Emmanuel Auvray.
260 _aParis :
_bLibrairie A. Franck,
_c1875 (
_fNogent-le-Rotrou, imprimerie de A. Gouverneur)
300 _a107 p. ;
_c24 cm.
490 1 _aBibliothéque de l'école des hautes études. Sciences philologiques et historiques ;
_vfasc. 22
546 _aTexto en griego; introduccion y notas en francés.
700 1 _aAuvray, Emmanuel.
_9125752
830 0 0 _aBibliothèque de l'École des Hautes Études. Sciences historiques et philologiques
_vfasc. 22
_9229685
852 _aES-MaACL
_jC-7565
_z-- Enc. hol.
999 _c151637
_d151637